| 000 | 00645nam a2200217Ia 4500 | ||
|---|---|---|---|
| 003 | OSt | ||
| 005 | 20230503140045.0 | ||
| 008 | 210423s2017 xx 000 0 und d | ||
| 020 | _a978-1-4742-4861-7 | ||
| 040 | _cAL | ||
| 041 | _aeng | ||
| 082 |
_a809.38762 _223 _bLATS |
||
| 100 |
_aLATHAM (Rob) _997042 |
||
| 245 | _aScience fiction criticism: an anthology of essential writings | ||
| 260 |
_aLondon _bBloomsbury Publishing _c2017 |
||
| 300 |
_aviii,582 _bPB |
||
| 365 |
_b3061.98 _cGBP |
||
| 650 |
_aHistory of Literature _997043 |
||
| 906 | _aan ; anthology ; criticism: ; essential ; fiction ; Science ; writings | ||
| 942 |
_2ddc _cBK |
||
| 999 |
_c170779 _d170779 |
||